000 00450nam a2200205Ia 4500
003 OST
005 20240606080822.0
008 150730s9999 xx 000 0 und d
040 _cMRUC
050 _aQD 40 .S5 1961
100 _aSienko,J. Mitchell
245 _aChemistry
250 _a2nd
264 _aNew York
264 _bMc Grawhill
264 _c1961
650 _aChemistry
942 _2lcc
_cBK
999 _c704
_d704